Economics survey (Record no. 107225)

MARC details
000 -LEADER
fixed length control field 01169cad a22002295a 4500
001 - CONTROL NUMBER
control field L138678
008 - FIXED-LENGTH DATA ELEMENTS--GENERAL INFORMATION
fixed length control field 070703s2007 xxkd f s 000 0 eng d
035 ## - SYSTEM CONTROL NUMBER
System control number (Sirsi) u138678
041 0# - LANGUAGE CODE
Language code of text/sound track or separate title eng
050 04 - LIBRARY OF CONGRESS CALL NUMBER
Classification number 338.4569 $2 18
110 2# - MAIN ENTRY--CORPORATE NAME
Corporate name or jurisdiction name as entry element EC Harris
9 (RLIN) 4930
245 00 - TITLE STATEMENT
Title Economics survey
Remainder of title UK
-- Summer 2007
Medium [electronic resource]
260 ## - PUBLICATION, DISTRIBUTION, ETC.
Place of publication, distribution, etc. London
Name of publisher, distributor, etc. EC Harris
Date of publication, distribution, etc. 2007
490 #0 - SERIES STATEMENT
Series statement EC Harris Economics Survey UK
Volume/sequential designation Summer 2007
520 ## - SUMMARY, ETC.
Summary, etc. Reveals that building tender price inflation in London is set to increase by three times the rate of consumer price inflation over the next two years (6.3% in 2008 and 6.5% in 2009), as OIympics projects start to affect prices. Construction output in the fourth quarter of 2006 was up by 1% compared to the third quarter 2006, and 3% compared to the same period in 2005. Total construction output is forecast to increase by 2.5% this year, 2.4% in 2008 and 3.2% in 2009.
590 ## - LOCAL NOTE (RLIN)
Local note KA
650 24 - SUBJECT ADDED ENTRY--TOPICAL TERM
Topical term or geographic name entry element EC HARRIS ECONOMICS SURVEY UK
651 #4 - SUBJECT ADDED ENTRY--GEOGRAPHIC NAME
Geographic name United Kingdom
Chronological subdivision
690 ## - LOCAL SUBJECT ADDED ENTRY--TOPICAL TERM (OCLC, RLIN)
Topical term or geographic name as entry element BUILT ENVIRONMENT-CONSTRUCTION MARKET
856 48 - ELECTRONIC LOCATION AND ACCESS
Uniform Resource Identifier <a href="https://www.echarris.com">https://www.echarris.com</a>
Public note View the item free of charge at www.echarris.com...
942 ## - ADDED ENTRY ELEMENTS (KOHA)
Suppress in OPAC 0
Holdings
Withdrawn status Lost status Source of classification or shelving scheme Damaged status Not for loan Home library Current library Shelving location Date acquired Total Checkouts Full call number Barcode Date last seen Copy number Price effective from Koha item type
    Dewey Decimal Classification     Virtual Virtual Online 03/07/2007   ONLINE PUBLICATION 138678-2001 06/08/2019 1 06/08/2019 Book